000 00406nam a22001337a 4500
003 OSt
005 20211123151711.0
008 211123b ||||| |||| 00| 0 eng d
040 _cAIMIT LIBRARY
100 _aPinto, Audrey Karen; N, Hemalatha N.
_d192006
_910784
245 _aDiabetes Patients Readmission Predicition
260 _aTata Consultancy Services, Thane.
_bHemalatha N.
_c2021
942 _2ddc
_cPRO
999 _c220740
_d220740